00411nam a2200157Ia 4500001000500000005001700005008004100022041000800063082001700071100003300088245007900121260000900200300002800209650000800237654000800245777320260306160520.0260306t2003||||xx |||||||||||||| ||spa|| aESP a361.885bP78 aPortocarrero S., FelipeeAUT 0aDe la caridad a la solidaridad:bfilantropía y voluntariado en el Perú c2003 a536 páginas :c21 cm. aGEN aCAN